| 000 | 00757nam a2200253 a 4500 | ||
|---|---|---|---|
| 001 | 62575 | ||
| 003 | BD-RjUL | ||
| 005 | 20211209081112.0 | ||
| 008 | 170124s1974 ii b 000 0 eng | ||
| 035 | _a(BD-RjUL)62701 | ||
| 040 |
_aDLC _cDLC _dBD-RjUL _beng |
||
| 041 | _aeng | ||
| 082 | 0 | 0 |
_a347.0120954 _223 _bRAJ 1974 |
| 100 | 1 |
_aRay, Samirendra N. _q(Samirendra Nath), _d1934-2002. _9186033 |
|
| 245 | 1 | 0 |
_aJudicial review and fundamental rights / _cS. N. Ray. |
| 260 |
_aCalcutta : _bEastern Law House, _c1974. |
||
| 300 |
_axli, 346 p. ; _c22 cm. |
||
| 350 | _aRs32.00 | ||
| 504 | _aIncludes bibliography | ||
| 650 | 0 |
_aJudicial review _zIndia. _9176405 |
|
| 650 | 0 |
_aCivil rights _zIndia. _9175056 |
|
| 942 |
_2ddc _cBK |
||
| 999 |
_c62575 _d62575 |
||